| 000 | 00559cam a2200193 4500 | ||
|---|---|---|---|
| 001 | D8107 | ||
| 008 | 090401t1964 xxu||||| |||| 00| 0 eng d | ||
| 035 | _a(Sirsi) u11208 | ||
| 041 | _aeng | ||
| 050 | _a336.212 | ||
| 110 |
_aRating and Valuation Association _91873 |
||
| 245 | _aRating of site values: report on a pilot study at Whitstable (abridged edition) [report by H.Mark Wilks] | ||
| 260 |
_aLondon _bRVA _c1964 |
||
| 300 | _avii. 39p. ill. 2p of maps. 30cm | ||
| 350 | _a0.53 | ||
| 650 | _aSITE VALUE RATING | ||
| 942 | _n0 | ||
| 948 | _c04/03/1997 | ||
| 999 |
_c86833 _d86833 |
||